[Event "Cez Trophy Rapid"]
[Site "Prague CZE"]
[Date "2009.05.30"]
[Round "5"]
[White "Navara, D."]
[Black "Ivanchuk, V."]
[Result "1-0"]
[WhiteElo "2654"]
[BlackElo "2746"]
[PlyCount "101"]
[EventDate "2009.05.22"]

1. Nf3 Nf6 2. c4 g6 3. d4 Bg7 4. g3 d5 5. cxd5 Nxd5 6. Bg2 Nb6 7. Nc3 Nc6 8. e3
O-O 9. O-O Re8 10. Re1 e5 11. d5 Na5 12. e4 c6 13. b3 cxd5 14. exd5 Bg4 15. Ba3
e4 16. Nxe4 Nxd5 17. Rc1 Nc6 18. Nd6 Rxe1+ 19. Qxe1 Rb8 20. Nxb7 Rxb7 21. Rxc6
Rd7 22. h3 Nc3 23. Kh2 Bxf3 24. Bxf3 Nb5 25. Qc1 Qe8 26. Rc8 Rd8 27. Bc6 Rxc8
28. Bxe8 Rxc1 29. Bxc1 Nc3 30. a3 Bd4 31. Kg2 Kf8 32. Bc6 Nd1 33. f4 Be3 34.
Bxe3 Nxe3+ 35. Kf2 Nc2 36. Be4 Nxa3 37. Bd3 Ke7 38. Ke3 Kd6 39. Kd4 f6 40. g4
Kc6 41. g5 fxg5 42. fxg5 a5 43. Ke5 Kc5 44. h4 Nb5 45. Kf6 (45. Bxb5 Kxb5 46.
Kf6 Kb4 47. Kg7 Kxb3 48. Kxh7 a4 49. h5 gxh5 50. g6 a3 51. g7 a2 52. g8=Q+)
45... Nd6 46. Bxg6 hxg6 47. Kxg6 Kd5 48. h5 Ke6 49. h6 Nf7 50. h7 Ke7 51. Kg7
1-0